000 01509nam0a2200337 4500
001 RU\NLR\bibl\71139
005 20250616095504.0
021 _aRU
_b1999-49199
_92444
035 _a(NLR Aleph) 000069407
090 _a382001
_c382001
100 _a20000221d1999 |||y0rusy50 ca
101 1 _arus
_ceng
102 _aRU
105 _aa |||||||||
200 1 _aПрименение стратегии практической ликвидации к сырью химической промышленности - хлору
_eСпец. исслед.
_eСообщ. для РГ по практ. ликвидации пром. пр-ва и использ. вред. хим. веществ. Март 30.1993
_fТ. Мюир, Т. Эдер, Р. Малдун, С. Лернер
_g[Пер. с англ. Е. Маркова]
210 _aИркутск
_cБайкал. эколог. волна
_d1999
215 _a32,[1] с.
_cил.
_d29
320 _aБиблиогр.: с. 29-32 (104 назв.)
606 0 _aХлор
_xТоксичность
_92155494
_3RU\NLR\auth\661297686
606 0 _aОкружающая среда
_xЗагрязнение хлором
_91797680
_3RU\NLR\auth\66809676
686 _aЛ10-642
701 1 _aМюир
_bТ.
_4070
701 1 _aЭдер
_bТ.
_4070
701 1 _aМалдун
_bР.
_4070
701 1 _aЛернер
_bС.
_4070
801 0 _aRU
_bNLR
_c20000221
_gPSBO
801 1 _aRU
_bNLR
_c20000221
852 _aNLR
_j99-8/2687
942 _cBOOK
980 _aNB